| 000 | 00807cam a2200241 a 4500 | ||
|---|---|---|---|
| 001 | 1106996 | ||
| 005 | 20180116044259.0 | ||
| 008 | 930526s1994 cau b 001 0 eng c | ||
| 010 | _a 93024095 | ||
| 020 | _a0124065759 (hardcover : alk. paper) | ||
| 040 |
_aDNLM/DLC _cDLC _dDLC |
||
| 041 | _aeng | ||
| 060 | 0 | 0 | _a616.96079 |
| 080 | _a616.96079 | ||
| 082 | 0 | 0 |
_a616.96079 KIE _220 |
| 100 | _a9 | ||
| 101 | _aIMU | ||
| 245 | 0 | 0 |
_aParasitic infections and the immune system / _cedited by Felipe Kierszenbaum. |
| 504 | _aIncludes bibliographical references and index. | ||
| 906 |
_a7 _bcbc _corignew _d1 _eocip _f19 _gy-gencatlg |
||
| 942 |
_2ddc _cBK |
||
| 999 |
_c40353 _d40353 |
||